| Record ID | ia:kitcarsonpattern0000guil |
| Source | Internet Archive |
| Download MARC XML | https://archive.org/download/kitcarsonpattern0000guil/kitcarsonpattern0000guil_marc.xml |
| Download MARC binary | https://www.archive.org/download/kitcarsonpattern0000guil/kitcarsonpattern0000guil_meta.mrc |
LEADER: 01948cam a2200493 a 4500
001 10018615
003 OCoLC
005 20151004212531.0
008 850325s1984 nbubcf b s001 0beng
010 $a83021628
020 $a0803221185 (alk. paper) :$c$18.95
035 $a10018615
035 $ar01c02
039 0 $a2$b3$c3$d3$e3
040 $dCStRLIN$dCSf$dOCoLC$dUtOrBLW
043 $an-usp--
050 00 $aF592.C33$bG84 1984
082 0 $a978/.02/0924$219
092 $aB$bC239gu
100 1 $aGuild, Thelma S.,$d1911-
245 10 $aKit Carson :$ba pattern for heroes /$cby Thelma S. Guild & Harvey L. Carter.
260 $aLincoln :$bUniversity of Nebraska Press,$cc1984.
300 $axii, 367 p., [16] p. of plates :$bmaps, ports. ;$c23 cm
336 $atext$btxt$2rdacontent
337 $aunmediated$bn$2rdamedia
338 $avolume$bnc$2rdacarrier
504 $aBibliography: p. 335-345.
500 $aIncludes index.
600 10 $aCarson, Kit,$d1809-1868.
650 0 $aPioneers$zWest (U.S.)$xHistory.
650 0 $aScouting (Reconnaissance)$zWest (U.S.)$vBiography.
650 0 $aSoldiers$zWest (U.S.)$vBiography.
651 0 $aWest (U.S.)$xHistory.
700 1 $aCarter, Harvey Lewis,$d1904-
907 $a.b11136327$b10-29-18$c07-16-03
998 $axgc$b07-01-03$cm$da $e-$feng$gnbu$h0$i3
957 00 $aOCLC reclamation of 2017-18
907 $a.b11136327$b11-29-14$c07-16-03
956 $aPre-reclamation 001 value: rlincsfx85-b00004048
998 $axgc$b07-01-03$cm$da$e-$feng$gnbu$h0$i3
999 $yMARS
998 $a03/25/85$tc$s9110$nCSf$wMNUG84B55656$d03/25/85$bCVN$i850325$lCSFX
945 $aB C239gu$d - - $e - - $f0$g0$h - - $i31223011365559$j0$00$k - - $lxgcst$o-$p$0.00$q-$r-$s- $t0$u20$v0$w0$x0$y.i16026226$z08-01-03
945 $aB C239gu$d - - $e - - $f0$g0$h - - $i31223039744702$j0$00$k - - $lxgcsr$o-$p$0.00$q-$r-$so $t0$u0$v0$w0$x0$y.i16026238$z08-01-03